| 000 | 00625cam a2200229 4500 | ||
|---|---|---|---|
| 001 | J85 | ||
| 008 | 090401t1991 xxu||||| |||| 00| 0 eng d | ||
| 035 | _a(Sirsi) u38089 | ||
| 041 | _aeng | ||
| 050 | _a690.22 | ||
| 100 | _aBrook, Martin | ||
| 245 | _aSafety considerations on tendering: management`s responsibility. | ||
| 260 |
_aAscot, Berks. _bChartered Institute of Building _c1991 |
||
| 300 | _a5p. ; 30cm. | ||
| 350 | _a3.5 | ||
| 490 |
_aTechnical Information Service _v131 |
||
| 650 | _aCOSTS | ||
| 650 | _aSITE SAFETY | ||
| 690 | _aBUILT ENVIRONMENT-BUILDING STANDARDS | ||
| 942 | _n0 | ||
| 948 | _c04/03/1997 | ||
| 999 |
_c90606 _d90606 |
||